Opostos (Record no. 47611)
[ view plain ]
| 000 -LÍDER | |
|---|---|
| campo de controle de tamanho fixo | 01008 a2200229 4500 |
| 001 - NÚMERO DE CONTROLE | |
| campo de controle | 47611 |
| 020 ## - ISBN - INTERNATIONAL STANDARD BOOK NUMBER | |
| ISBN - International Standard Book Number | 9788574066400 |
| 041 ## - CÓDIGO DE IDIOMA | |
| Código do idioma do texto/trilha sonora ou título diferente | por |
| 082 ## - CDD - CLASSIFICAÇÃO DECIMAL DE DEWEY | |
| Número de Classificação | [E] |
| 040 ## - FONTE DA CATALOGAÇÃO | |
| Instituição da catalogação original | BR-BrIDEA |
| Instituição que transcreveu o registro | BR-BrIDEA |
| 090 ## - NÚMERO DE CHAMADA LOCAL | |
| Número de chamada (OCLC) (R); Número de chamada, CALL (RLIN) (NR) | A SK [E] |
| Número Cutter local (OCLC); Número de classificação do livro, CALL (RLIN) | KON |
| 100 ## - ENTRADA PRINCIPAL--NOME PESSOAL | |
| Nome pessoal | Kondo, Daniel. |
| 245 10 - TÍTULO | |
| Título | Opostos |
| Restante do título | on the table |
| Indicação de responsabilidade, etc. | Daniel Kondo |
| 260 ## - PUBLICAÇÃO, DISTRIBUIÇÃO, ETC. | |
| Local de publicação, distribuição, etc. | São Paulo |
| Nome do editor, distribuidor, etc. | Companhia das Letrinhas |
| Data da publicação, distribuição, etc. | 2014 |
| 300 ## - DESCRIÇÃO FÍSICA | |
| Outros detalhes físicos | il. color |
| 500 ## - NOTA GERAL | |
| Nota geral | Edição bilingue |
| 520 ## - NOTA DE RESUMO, ETC | |
| Resumo, etc. | Com a mesma proposta de Coletivos On the Table, Daniel Kondo apresenta os opostos, nesta edição bilíngue português-inglês. Os conceitos de longe e perto, alto e baixo, devagar e rápido, entre outros, vêm acompanhados de uma delicada narrativa visual que mostra as andanças de um garoto em sua bicicleta. Ele roda o mundo, cruza as mais diferentes paisagens, conhece diversos meios de transporte e ainda se depara com personagens muito simpáticos, como o E.T. de Spielberg. |
| 521 ## - NOTA DO PÚBLICO ALVO | |
| Nota de público alvo | SK |
| 697 ## - ENTRADA DE ASSUNTO LOCAL--ENTIDADE COLETIVA (RLIN) | |
| Nome corporativo ou nome da jurisdição | Opostos |
| 856 ## - LOCALIZAÇÃO ELETRÔNICA E ACESSO | |
| Uniform Resource Identifier | <a href="000033/0000337c.jpg">000033/0000337c.jpg</a> |
| 942 ## - ELEMENTOS DE ENTRADA ADICIONADOS (KOHA) | |
| Tipo de material Koha | Livros |
| Situação do descarte | Situação das perdas | Situação física | Não pode ser emprestado | Biblioteca de origem | Biblioteca atual | Data de aquisição | Total de empréstimos | Número de chamada completo | Código de barras | Data de último acesso | Data do último empréstimo | Data do preço efetivo | Tipo de material Koha | Fonte da classificação ou esquema de arquivamento na estante | Devolução em |
|---|---|---|---|---|---|---|---|---|---|---|---|---|---|---|---|
| ECB - ÁGUAS CLARAS | ECB - ÁGUAS CLARAS | 19/01/2023 | 1 | A SK [E] KON | 00059705AGC | 19/07/2024 | 19/07/2024 | 23/01/2024 | Livros | Classificação Decimal de Dewey | 17/09/2024 | ||||
| Colégio Anchieta - Aquarius | Inspira | 21/11/2023 | 1 | 028.5 KON OPO | 6415/AQU | 21/11/2023 | 21/11/2023 | 21/11/2023 | Livros |